MARC details
| 000 -LÍDER |
| campo de controle de tamanho fixo |
01292nam a22004097a 4500 |
| 001 - NÚMERO DE CONTROLE |
| campo de controle |
BR8201752 |
| 003 - IDENTIFICADOR DO NÚMERO DE CONTROLE |
| campo de controle |
BR-BrBNA |
| 005 - DATA E HORÁRIO DA ÚLTIMA TRANSAÇÃO |
| campo de controle |
20230928091304.0 |
| 007 - CAMPO FIXO DE DESCRIÇÃO FÍSICA--INFORMAÇÃO GERAL |
| campo de controle de tamanho fixo |
ta |
| 008 - CAMPO DE DADOS FIXOS--INFORMAÇÃO GERAL |
| campo de controle de tamanho fixo |
230509b bl.||||| |||| 00| 0 por d |
| 040 ## - FONTE DA CATALOGAÇÃO |
| Instituição da catalogação original |
BR-BrBNA |
| Idioma da catalogação |
por |
| Instituição que transcreveu o registro |
Biblioteca Nacional de Agricultura |
| 041 ## - CÓDIGO DE IDIOMA |
| Código do idioma do texto/trilha sonora ou título diferente |
(Por) |
| 072 ## - CÓDIGO DE CATEGORIA DE ASSUNTO |
| Código de Categoria de Assunto |
F30; F00; F25 |
| Código do objeto |
0150 |
| -- |
0120 |
| -- |
1440 |
| -- |
1410 |
| -- |
0336 |
| -- |
0180 |
| -- |
1540 |
| -- |
0170 |
| -- |
0230 |
| -- |
1910 |
| -- |
3830 |
| -- |
/G514 |
| 090 ## - NÚMERO DE CHAMADA LOCAL |
| -- |
0150 BR8201752 |
| 110 1# - ENTRADA PRINCIPAL--NOME CORPORATIVO |
| Nome corporativo ou nome da jurisdição |
Centro de Pesquisa Agropecuaria do Tropico Umido, Belem, PA (Brasil). Nucleo de Pesquisa Agropecuaria de Roraima |
| 9 (RLIN) |
1581 |
| 245 1# - TÍTULO |
| Título |
Relatorio tecnico anual do Nucleo de Pesquisa Agropecuaria de Roraima - 1981 [Fertilizante fosfatado; Competicao de variedade; Pratica cultural; Brasil] |
| 260 3# - PUBLICAÇÃO, DISTRIBUIÇÃO, ETC. |
| Local de publicação, distribuição, etc. |
Belem, PA (Brasil): |
| Data da publicação, distribuição, etc. |
1982. |
| 300 ## - DESCRIÇÃO FÍSICA |
| Extensão |
55 p. |
| 500 ## - NOTA GERAL |
| Nota geral |
10 tables |
| 650 ## - ASSUNTO--TERMO TÓPICO |
| Cabeçalho tópico ou nome geográfico |
ARROZ |
| 650 ## - ASSUNTO--TERMO TÓPICO |
| Cabeçalho tópico ou nome geográfico |
MILHO |
| 650 ## - ASSUNTO--TERMO TÓPICO |
| Cabeçalho tópico ou nome geográfico |
FEIJAO DE CORDA |
| 650 ## - ASSUNTO--TERMO TÓPICO |
| Cabeçalho tópico ou nome geográfico |
FEIJAO |
| 650 ## - ASSUNTO--TERMO TÓPICO |
| Cabeçalho tópico ou nome geográfico |
SOJA |
| 650 ## - ASSUNTO--TERMO TÓPICO |
| Cabeçalho tópico ou nome geográfico |
TRIGO |
| 650 ## - ASSUNTO--TERMO TÓPICO |
| Cabeçalho tópico ou nome geográfico |
MANDIOCA |
| 650 ## - ASSUNTO--TERMO TÓPICO |
| Cabeçalho tópico ou nome geográfico |
SORGO |
| 650 ## - ASSUNTO--TERMO TÓPICO |
| Cabeçalho tópico ou nome geográfico |
CANA DE ACUCAR |
| 650 ## - ASSUNTO--TERMO TÓPICO |
| Cabeçalho tópico ou nome geográfico |
PASTAGEM |
| 650 ## - ASSUNTO--TERMO TÓPICO |
| Cabeçalho tópico ou nome geográfico |
FERTILIZANTE FOSFATADO |
| 650 ## - ASSUNTO--TERMO TÓPICO |
| Cabeçalho tópico ou nome geográfico |
PRATICA CULTURAL |
| 650 ## - ASSUNTO--TERMO TÓPICO |
| Cabeçalho tópico ou nome geográfico |
COMPETICAO DE VARIEDADE |
| 650 ## - ASSUNTO--TERMO TÓPICO |
| Cabeçalho tópico ou nome geográfico |
BANCO DE GERMOPLASMA |
| 650 ## - ASSUNTO--TERMO TÓPICO |
| Cabeçalho tópico ou nome geográfico |
RORAIMA |
| 909 ## - |
| -- |
202309 |
| -- |
Lucia |
| -- |
55 |
| -- |
Lucia Elande |
| 942 ## - ELEMENTOS DE ENTRADA ADICIONADOS (KOHA) |
| Tipo de material Koha |
Livros |